Polscy piłkarze w ligach zagranicznych 25/26 - Statystyki

Ogólne statystyki
  • Ten quiz został rozwiązany 65 razy
  • Średni wynik to 52 z 122
Statystyki odpowiedzi
LIGA KLUB PIŁKARZ % Poprawnych
LaLiga FC Barcelona Robert Lewandowski
94%
Serie A Inter Mediolan Piotr Zieliński
92%
Eredivisie Sparta Rotterdam Filip Bednarek
90%
Liga Portugal FC Porto Jan Bednarek
90%
Serie A Atalanta Nicola Zalewski
90%
LaLiga FC Barcelona Wojciech Szczęsny
90%
Liga Portugal FC Porto Jakub Kiwior
88%
Premier League Aston Villa Matty Cash
88%
Süper Lig Fenerbahce Sebastian Szymański
88%
Serie A Juventus Arkadiusz Milik
86%
Serie A AS Roma Jan Ziółkowski
86%
Super League 1 Panathinaikos Karol Świderski
86%
Premier League West Ham United Łukasz Fabiański
86%
Bundesliga Köln Jakub Kamiński
84%
Serie A FC Bologna Łukasz Skorupski
84%
Qatar Stars League Al-Duhail SC Krzysztof Piątek
82%
Saudi Pro League NEOM SC Marcin Bułka
82%
Bundesliga Wolfsburg Kamil Grabara
80%
Premyer Liqa Qarabag FK Mateusz Kochalski
80%
Jupiler Pro League KAA Gent Michał Skóraś
80%
Serie A Udinese Calcio Adam Buksa
76%
Super League 1 Panathinaikos Bartłomiej Drągowski
76%
2. Bundesliga Hertha BSC Dawid Kownacki
76%
Ligue 1 Stade Renneis FC Przemysław Frankowski
76%
Major League Soccer Atlanta United FC Bartosz Slisz
73%
Eredivisie Feyenoord Jakub Moder
73%
Serie A Udinese Calcio Jakub Piotrowski
71%
2. Bundesliga Hertha BSC Michał Karbownik
71%
Premyer Liqa Sabah FK Tymoteusz Puchacz
71%
Süper Lig Gaziantep FK Kacper Kozłowski
69%
Serie A US Sassuolo Sebastian Walukiewicz
69%
Ligue 1 RC Strasbourg Maxi Oyedele
67%
Championship Oxford United Przemysław Płacheta
65%
Serie B Spezia Calcio Przemysław Wiśniewski
65%
Super League 1 PAOK Saloniki Tomasz Kędziora
65%
Serie A Parma Calcio 1913 Adrian Benedyczak
61%
Bundesliga St. Pauli Arkadiusz Pyrka
61%
Liga Portugal Rió Ave Cezary Miszta
61%
Bundesliga Sturm Graz Filip Rózga
61%
Championship Leicester City Jakub Stolarczyk
61%
Liga MX Apertura CD Cruz Azul Mateusz Bogusz
61%
Serie A US Lecce Filip Marchwiński
59%
Bundesliga St. Pauli Adam Dźwigała
57%
Championship Oxford United Michał Helik
57%
Ligue 1 Stade Brestois Radosław Majecki
57%
Serie B Palermo FC Bartosz Bereszyński
55%
Eredivisie Heerenveen Paweł Bochniewicz
55%
Serie B Spezia Calcio Szymon Żurkowski
55%
Eredivisie PEC Zwolle Jan Faberski
53%
Cyprus League AEK Larnaka Karol Angielski
53%
Süper Lig Kocaelispor Karol Linetty
49%
Cyprus League Omonia Nikozja Mariusz Stępiński
49%
Süper Lig Göztepe Mateusz Lis
49%
Major League Soccer FC Cincinnati Dominik Marczuk
47%
Eredivisie FC Twente Przemysław Tytoń
47%
Major League Soccer Houston Dynamo FC Sebastian Kowalczyk
47%
Eredivisie Excelsior Szymon Włodarczyk
47%
2. Bundesliga Hannover 96 Maik Nawrocki
45%
2. Bundesliga 1.FC Magdeburg Mateusz Żukowski
43%
Superliga FC Kopenhaga Dominik Sarapata
41%
Veikkausliiga KuPs Piotr Parzyszek
39%
Ligat ha'Al Maccabi Tel Aviv Ben Lederman
37%
2. Bundesliga SV Elversberg Łukasz Poręba
37%
Major League Soccer Chicago Fire FC David Poręba
35%
Süper Lig Basaksehir Jakub Kałuziński
35%
Cyprus League Omonia Nikozja Mateusz Musiałowski
35%
Süper Lig Kocaelispor Mateusz Wieteska
35%
Eredivisie FC Groningen Oskar Zawada
35%
K League 1 FC Seoul Patryk Klimala
35%
Eredivisie NAC Breda Daniel Bielica
33%
Jupiler Pro League OH Leuven Łukasz Łakomy
33%
Major League Soccer New York Red Bulls Wiktor Bogacz
33%
2. Bundesliga Darmstadt 98 Bartosz Białek
31%
2. Bundesliga 1.FC Magdeburg Dariusz Stalmach
31%
Prva Liga NK Celje Łukasz Bejger
31%
Cyprus League Aris Limassol Miłosz Matysik
31%
Jupiler Pro League R Charleroi SC Filip Szymczak
29%
Gibraltar Football League Glacis United Kacper Białek
29%
Prva Liga NK Maribor Karol Borys
27%
Nemzeti Bajnokság Puskás AFC Wojciech Golla
27%
Nemzeti Bajnokság Újpest FC Damian Rasak
24%
K League 1 Ulsan HD Miłosz Trojak
24%
Serie A AS Roma Radosław Żelazny
24%
Süper Lig Eyüpspor Mateusz Łęgowski
22%
Süper Lig Samsunspor Albert Posiadała
20%
Niké Liga MSK Zilina Fabian Bzdyl
20%
Super League 1 Panetolikos Konrad Michalak
20%
A-League Men Macarthur Filip Kurto
18%
J1 League Yokohama FC Jakub Słowik
18%
Ligat ha'Al FC Ashdod Karol Niemczycki
16%
Cyprus League AEK Larnaka Kewin Komar
16%
Cyprus League Krasava ENY Patryk Lipski
16%
O'zbekiston Superligasi FK Andijon Krystian Nowak
14%
Ligue 1 OGC Nice Bartosz Żelazowski
12%
2. Bundesliga Nürnberg Eryk Grzywacz
12%
Major League Soccer FC Dallas Daniel Baran
10%
Major League Soccer Montréal Dawid Bugaj
10%
Jupiler Pro League FCV Dender EH Krzysztof Koton
10%
Scottish Premiership Kilmarnock FC Maksymilian Stryjek
10%
Championship Sheffield Wednesday Olaf Kubacki
10%
Cymru Premier The New Saints Adrian Cieślewicz
8%
Niké Liga Tatran Presov Łukasz Wolsztyński
8%
SuperSport HNL NK Lokomotiva Hubert Sobol
6%
League of Ireland Premier Division Bohemians Kacper Chorążka
6%
League of Ireland Premier Division Waterford FC Kacper Radkowski
6%
Besta deild ÍBV Marcel Zapytowski
6%
Premier League Opening Round Gazira United FC Aleksander Łubik
4%
Cymru Premier Flint Town Dawid Szczepaniak
4%
A Lyga Džiugas Jakub Wawszczyk
4%
J1 League SC Sagamihara Kevin Pytlik
4%
A Lyga DFK Dainava Krystian Okoniewski
4%
2. Bundesliga Nürnberg Robin Lisewski
4%
League of Ireland Premier Division Waterford FC Alan Zborowski
2%
V.League 1 Viettel FC Damian Vu Thanh
2%
Serie B Empoli Dawid Bembnista
2%
Kategoria Superiore KF Teuta Jakub Myszor
2%
Premyer Liqa Kapaz PFK Kacper Rosa
2%
Gibraltar Football League Lions Gibraltar Konrad Skuza
2%
Gibraltar Football League FC College 1975 Oskar Skuza
2%
Super League 1 AE Kifisias Sebastion Musiolik
2%
Gibraltar Football League Mons Calpe Hugo Bartkowiak
0%
Campionato Sammarinese Faetano Oliver Gachewicz
0%
Nie znaleziono quizów pasujących do podanych kryteriów
Rozkład punktacji
Procent ludzi z każdym wynikiem
Percentyl według liczby udzielonych odpowiedzi
Twoja historia wyników
Nie rozwiązałeś tego quizu